Optimálne riadenie jednej skupiny procesov s rozloženými parametrami : Kand.diz.práca : V.odb. 26-15-9 : Obh. 17.02.1972 /

Salvato in:
Dettagli Bibliografici
Autore principale: Mikleš, Ján, 1938- (Autore)
Altri autori: Chmúrny, Daniel (Relatore della tesi)
Natura: Manoscritto Libro
Pubblicazione: Bratislava : SVŠT v Bratislave ChtF, 1970
Soggetti:
Tags: Aggiungi Tag
Nessun Tag, puoi essere il primo ad aggiungerne!!

MARC

LEADER 00000ntm a22000003a 4500
001 stu5572
005 20150617225808.6
008 ------s1970----------------------------d
040 |a STU  |b slo 
041 0
100 1 |a Mikleš, Ján,  |d 1938-  |4 aut  |u C7220  |U FCHPT Ústav informatizácie, automatizácie a matematiky  |T FCHPT Oddelenie informatizácie a riadenia procesov  |X 3992  |U C7220  |Y 121  |7 A000003992 
245 1 |a Optimálne riadenie jednej skupiny procesov s rozloženými parametrami :  |b Kand.diz.práca : V.odb. 26-15-9 : Obh. 17.02.1972 /  |c [aut.] Mikleš,Ján; Škol. Chmúrny,Daniel 
260 |a Bratislava :  |b SVŠT v Bratislave ChtF,  |c 1970 
300 |a 162 s 
650 7 |a technická kybernetika  |2 stusub 
700 1 |a Chmúrny, Daniel  |4 ths 
996 |b 284ED00541  |c E*KDIZ-108  |l EE01  |s A  |a 24  |w stu5572_0001